00816nam a2200217 a 450000100100000000500170001000800410002704000250006808200170009310000490011024500910015926000270025030000280027749000240030565000280032965000310035770000430038883000320043195201200046399900150058300000826520200929161324.0741017s1966 sp 000 f spa d aDO-SdBNPbspacBNPHU a863.6bP438t1 aPérez de Ayala, Ramón,d1880-196291503110aTroteras y danzaderas /cRamón Pérez de Ayala ; prólogo de J. García mercadal. aMadrid :bEdaf,c1966. a356 p. :bil. ;c19 cm.0 aBiblioteca Edafv51 4aNovela española91123 4aLiteratura española96321 aGarcía mercadal, J.,epról.922397 0aBiblioteca Edaf ;v5196779 001054708MOaGRbGRcHDd2009-09-15iLF1l0o863.6 P438tp8265-10r2020-06-25w2020-06-25y4ZPréstamo en sala c8036d8036